[Event "DEM U10/U10w 2009"]
[Site "Willingen GER"]
[Date "2009.06.05"]
[Round "10"]
[White "Reimers, Kim"]
[Black "Walker, Julia"]
[Result "0-1"]
[Termination "normal"]
[Board "38"]
[WhiteElo "901"]
[BlackElo "1066"]
[PlyCount "104"]
[WhiteFideId "12930377"]
[BlackFideId "1271852"]
[EventCountry "GER"]
[EventRounds "11"]
[EventType "swiss"]
[EventDate "2009.05.30"]

1. e4 e5 2. Nf3 Nc6 3. d4 exd4 4. Nxd4 Bc5 5. Nb3 Bb6 6. a4 a6 7. a5 Ba7 8. Bc4
Nf6 9. Nc3 h6 10. O-O O-O 11. Bf4 d6 12. Qd2 Bg4 13. Rae1 Re8 14. Re3 Bxe3 15.
Qxe3 Re7 16. f3 Be6 17. Bxe6 Rxe6 18. Qf2 d5 19. Rd1 d4 20. Ne2 Re7 21. Qg3 Nh5
22. Qg4 Nxf4 23. Nxf4 Qd7 24. Qg3 Qd6 25. Ne2 Qxg3 26. Nxg3 Rd7 27. Nc5 Re7 28.
f4 b6 29. axb6 cxb6 30. Nd3 Rae8 31. Rd2 g5 32. f5 Ne5 33. Nf2 Rd7 34. Nh5 Rd6
35. Kf1 Red8 36. Ke2 Kf8 37. h3 Rb8 38. Rd1 b5 39. b4 Rc8 40. Rd2 Rdc6 41. Kd1
Rc4 42. Nf6 Rxb4 43. Nd5 Rb1+ 44. Ke2 Rc4 45. Nb6 Rcb4 46. f6 a5 47. g3 a4 48.
g4 a3 49. Nd1 a2 50. Nf2 a1=Q 51. Nd1 Nc4 52. Rxd4 Qxd4 0-1

[Event "DEM U10/U10w 2009"]
[Site "Willingen GER"]
[Date "2009.06.05"]
[Round "10"]
[White "Dopmann, Sina"]
[Black "Reyher, Susan"]
[Result "1-0"]
[Termination "normal"]
[Board "39"]
[WhiteElo "1035"]
[BlackElo "1004"]
[PlyCount "125"]
[BlackFideId "24686107"]
[EventCountry "GER"]
[EventRounds "11"]
[EventType "swiss"]
[EventDate "2009.05.30"]

1. e4 e5 2. d3 Nc6 3. Be2 Bc5 4. Nf3 Nf6 5. O-O d6 6. Nbd2 Bg4 7. c3 Qd7 8. Qc2
O-O 9. a4 Nh5 10. b4 Bxb4 11. cxb4 Nxb4 12. Qb2 c5 13. Nc4 Qe7 14. Bd2 Qf6 15.
Bxb4 cxb4 16. Qxb4 Qg6 17. Nxd6 Bh3 18. g3 Bxf1 19. Bxf1 a5 20. Qa3 Qf6 21. Bg2
b6 22. Nc4 Rfe8 23. Rb1 Ra6 24. Qc3 Rea8 25. Rc1 Rc8 26. Nfxe5 Qg5 27. Bf3 f6
28. Nd7 Rc7 29. Bxh5 Qxh5 30. Qd4 Qh6 31. Rc2 Qg6 32. Qd5+ Qf7 33. Qxf7+ Kxf7
34. Nd6+ Ke6 35. Rxc7 Kxd6 36. Rb7 Kc6 37. Rb8 Kxd7 38. Rh8 h6 39. Rh7 Kc6 40.
Rxg7 h5 41. Rg6 Kc5 42. Rxf6 Kd4 43. Rh6 Kxd3 44. e5 Ra8 45. Rxb6 Ke2 46. e6
Kf3 47. e7 Rc8 48. h3 Rc1+ 49. Kh2 Rc8 50. Rf6+ Ke2 51. Rf8 Rxf8 52. exf8=Q Kf1
53. Qd8 h4 54. Qxh4 Ke2 55. Qd4 Kf1 56. Qd1+ Kxf2 57. Qg1+ Ke2 58. g4 Kf3 59.
g5 Kf4 60. g6 Kf5 61. g7 Kf6 62. g8=Q Ke5 63. Qf8 1-0

[Event "DEM U10/U10w 2009"]
[Site "Willingen GER"]
[Date "2009.06.05"]
[Round "10"]
[White "Simon, Tessa"]
[Black "Sadewasser, Lucie"]
[Result "0-1"]
[Termination "normal"]
[Board "40"]
[WhiteElo "1032"]
[BlackElo "989"]
[PlyCount "114"]
[WhiteFideId "12929395"]
[BlackFideId "12905445"]
[EventCountry "GER"]
[EventRounds "11"]
[EventType "swiss"]
[EventDate "2009.05.30"]

1. e4 e5 2. Nf3 Nc6 3. Bc4 Nf6 4. d3 d6 5. Nbd2 Bg4 6. c3 Be7 7. O-O Qd7 8. Re1
d5 9. Bb3 dxe4 10. Nxe4 Nxe4 11. dxe4 Qxd1 12. Bxd1 O-O-O 13. Be2 h6 14. a4 f6
15. Be3 Be6 16. c4 Na5 17. Bxa7 b6 18. c5 bxc5 19. Ba6+ Kd7 20. Nh4 Ra8 21.
Rad1+ Ke8 22. Bb5+ c6 23. Be2 Rxa7 24. Bh5+ Bf7 25. Bxf7+ Kxf7 26. Re3 Nc4 27.
Rb3 Rd8 28. Re1 Rd2 29. g3 Nxb2 30. Rb6 Rd1 31. Rxd1 Nxd1 32. Rxc6 Rxa4 33. Rc7
Ra2 34. Nf5 c4 35. Rxe7+ Kf8 36. Rxg7 c3 37. Rc7 c2 38. Kg2 Nxf2 39. Rc8+ Kf7
40. Nxh6+ Ke7 41. Nf5+ Kd7 42. Rc3 Nxe4 43. Rc4 c1=Q+ 44. Kf3 Ng5+ 45. Kg4
Qxc4+ 46. Kh5 Qf7+ 47. Kg4 Ra4+ 48. Nd4 Rxd4+ 49. Kf5 Qe6+ 50. Kg6 e4 51. h4
Qf7+ 52. Kf5 Rd5+ 53. Kf4 Qe6 54. g4 Qe5+ 55. Ke3 Qg3+ 56. Ke2 Qf3+ 57. Ke1
Rd1# 0-1

[Event "DEM U10/U10w 2009"]
[Site "Willingen GER"]
[Date "2009.06.05"]
[Round "10"]
[White "Lohmüller, Gedeon"]
[Black "Kim, Yu-Mi"]
[Result "1-0"]
[Termination "normal"]
[Board "41"]
[WhiteElo "1015"]
[BlackElo "824"]
[PlyCount "69"]
[BlackFideId "12955361"]
[EventCountry "GER"]
[EventRounds "11"]
[EventType "swiss"]
[EventDate "2009.05.30"]

1. e4 e5 2. Nf3 Nf6 3. Nxe5 d6 4. Nf3 Nxe4 5. Nc3 Nxc3 6. dxc3 Be7 7. Bf4 O-O
8. Bd3 Re8 9. O-O Nc6 10. Qd2 Bg4 11. Ng5 h6 12. Bh7+ Kf8 13. Nh3 g5 14. Be3 f5
15. Bg6 Bxh3 16. gxh3 Qd7 17. Bxe8 Rxe8 18. h4 Qd8 19. h5 Bf6 20. b4 Re4 21. b5
Rg4+ 22. Kh1 Ne5 23. f3 Rh4 24. Qd1 Nc4 25. Bf2 Rxh5 26. Qd5 Na3 27. Qxf5 Kg7
28. Rac1 Bxc3 29. f4 Bd2 30. Bd4+ Kg8 31. Qg6+ Kf8 32. Qg7+ Ke8 33. Rfe1+ Bxe1
34. Rxe1+ Qe7 35. Qxe7# 1-0

[Event "DEM U10/U10w 2009"]
[Site "Willingen GER"]
[Date "2009.06.05"]
[Round "10"]
[White "Schneider, Jana"]
[Black "Truong, Van Trang"]
[Result "0-1"]
[Termination "normal"]
[Board "42"]
[WhiteElo "886"]
[BlackElo "1059"]
[PlyCount "54"]
[WhiteFideId "12924997"]
[EventCountry "GER"]
[EventRounds "11"]
[EventType "swiss"]
[EventDate "2009.05.30"]

1. e4 e5 2. Nf3 d6 3. Nc3 Be7 4. Bc4 Nd7 5. O-O Ngf6 6. d3 h6 7. Be3 O-O 8. Re1
c6 9. Qe2 Re8 10. Rad1 b5 11. Bb3 b4 12. Nb1 d5 13. Nbd2 d4 14. Nxe5 Nxe5 15.
Bf4 Bd6 16. h3 Nxd3 17. Qxd3 Bxf4 18. Nf3 c5 19. e5 Nd5 20. a3 Bb7 21. Bxd5
Qxd5 22. axb4 Bxe5 23. bxc5 Qxc5 24. Re2 Bxf3 25. Qxf3 Bc7 26. Rde1 Kf8 27. Qb7
Rab8 0-1

[Event "DEM U10/U10w 2009"]
[Site "Willingen GER"]
[Date "2009.06.05"]
[Round "10"]
[White "Müller, Sophie"]
[Black "Döpper, Anna Berenice"]
[Result "1/2-1/2"]
[Termination "normal"]
[Board "45"]
[WhiteElo "842"]
[BlackElo "919"]
[PlyCount "24"]
[WhiteFideId "12926698"]
[BlackFideId "1271853"]
[EventCountry "GER"]
[EventRounds "11"]
[EventType "swiss"]
[EventDate "2009.05.30"]

1. e4 e6 2. d4 d5 3. exd5 exd5 4. Qe2+ Be6 5. Nf3 Be7 6. Bf4 Nf6 7. Nc3 O-O 8.
g3 Nc6 9. Bg2 Bg4 10. O-O Rc8 11. h3 Bh5 12. g4 Bg6 1/2-1/2

[Event "DEM U10/U10w 2009"]
[Site "Willingen GER"]
[Date "2009.06.05"]
[Round "10"]
[White "Kaplun, David"]
[Black "Gheng, Christian"]
[Result "0-1"]
[Termination "normal"]
[Board "46"]
[WhiteElo "1312"]
[BlackElo "1386"]
[PlyCount "90"]
[WhiteFideId "12901954"]
[BlackFideId "24660345"]
[EventCountry "GER"]
[EventRounds "11"]
[EventType "swiss"]
[EventDate "2009.05.30"]

1. d4 d5 2. c4 e6 3. Nf3 c5 4. cxd5 exd5 5. g3 Nc6 6. Bg2 Nf6 7. a3 Be7 8. dxc5
Bxc5 9. b4 Be7 10. Bb2 O-O 11. O-O Be6 12. Nbd2 Qd7 13. Re1 d4 14. Rc1 b5 15.
Ng5 Rac8 16. Nxe6 Qxe6 17. Bxc6 Rxc6 18. Rxc6 Qxc6 19. Bxd4 Nd5 20. Qc1 Qb7 21.
Qb2 Bf6 22. Bxf6 Nxf6 23. Nb3 Ng4 24. Qd4 Qc8 25. Qxa7 Qc3 26. Rb1 Qc2 27. Rf1
Qxb3 28. Qd7 Qc4 29. e3 Ne5 30. Qf5 Qe6 31. Qh5 Re8 32. Qe2 Qf5 33. Rd1 Nc4 34.
a4 h6 35. axb5 Qxb5 36. Rd4 Nd6 37. Qg4 Qf5 38. Qd1 Ne4 39. Qe2 Nc3 40. Qd2 Ne4
41. Qe2 Ng5 42. Rf4 Nh3+ 43. Kg2 Nxf4+ 44. gxf4 Qxf4 45. Qb5 Qg5+ 0-1

[Event "DEM U10/U10w 2009"]
[Site "Willingen GER"]
[Date "2009.06.06"]
[Round "11"]
[White "Sawlin, Leonid"]
[Black "Dürr, Florian"]
[Result "1-0"]
[Termination "normal"]
[Board "1"]
[WhiteElo "1853"]
[BlackElo "1649"]
[PlyCount "33"]
[WhiteFideId "4689542"]
[BlackFideId "24659134"]
[EventCountry "GER"]
[EventRounds "11"]
[EventType "swiss"]
[EventDate "2009.05.30"]

1. e4 c6 2. d4 d6 3. f4 Nf6 4. Bd3 Nbd7 5. e5 Nd5 6. e6 N7f6 7. exf7+ Kxf7 8.
Nf3 Bg4 9. Be2 Bxf3 10. Bxf3 g6 11. f5 Bg7 12. O-O Nc7 13. Qd3 d5 14. g4 Ke8
15. fxg6 hxg6 16. Qxg6+ Kf8 17. g5 1-0

[Event "DEM U10/U10w 2009"]
[Site "Willingen GER"]
[Date "2009.06.06"]
[Round "11"]
[White "Lagunow, Raphael"]
[Black "Baskin, Robert"]
[Result "1/2-1/2"]
[Termination "normal"]
[Board "2"]
[WhiteElo "1491"]
[BlackElo "1697"]
[PlyCount "30"]
[WhiteFideId "24652644"]
[BlackFideId "24662402"]
[EventCountry "GER"]
[EventRounds "11"]
[EventType "swiss"]
[EventDate "2009.05.30"]

1. e4 e6 2. d4 d5 3. exd5 exd5 4. Bd3 Bd6 5. Ne2 Ne7 6. Bf4 Bf5 7. c3 c6 8. Qc2
Bxd3 9. Qxd3 Qd7 10. Bxd6 Qxd6 11. Nd2 Nd7 12. Nf3 Qg6 13. Qxg6 Nxg6 14. O-O-O
O-O-O 15. Ng5 Rdf8 1/2-1/2

[Event "DEM U10/U10w 2009"]
[Site "Willingen GER"]
[Date "2009.06.06"]
[Round "11"]
[White "Hemprich, Iustus"]
[Black "Ovsepyan, Arshak"]
[Result "1/2-1/2"]
[Termination "normal"]
[Board "3"]
[WhiteElo "1420"]
[BlackElo "1863"]
[PlyCount "65"]
[BlackFideId "24690236"]
[EventCountry "GER"]
[EventRounds "11"]
[EventType "swiss"]
[EventDate "2009.05.30"]

1. e4 e6 2. d4 d5 3. Nc3 Bb4 4. exd5 exd5 5. Bd3 Ne7 6. Nge2 Bf5 7. O-O O-O 8.
Ng3 Bxd3 9. Qxd3 Nbc6 10. Nce2 Qd7 11. c3 Bd6 12. Bf4 Rae8 13. Bxd6 Qxd6 14.
Rfe1 g6 15. Nc1 Kh8 16. Nb3 f5 17. f3 f4 18. Nf1 Nf5 19. Re2 Re7 20. Rae1 Rfe8
21. Rxe7 Rxe7 22. Rxe7 Ncxe7 23. Kf2 Kg7 24. Qe2 Kf6 25. Nc5 b6 26. Nd3 g5 27.
g3 h5 28. g4 h4 29. h3 Qe6 30. Qxe6+ Kxe6 31. Nd2 Ng6 32. Ke1 Kd6 33. Kd1
1/2-1/2

[Event "DEM U10/U10w 2009"]
[Site "Willingen GER"]
[Date "2009.06.06"]
[Round "11"]
[White "Scholz, Robert"]
[Black "Flüchter, Gregor"]
[Result "1/2-1/2"]
[Termination "normal"]
[Board "4"]
[WhiteElo "1497"]
[BlackElo "1226"]
[PlyCount "76"]
[WhiteFideId "1270301"]
[BlackFideId "12903396"]
[EventCountry "GER"]
[EventRounds "11"]
[EventType "swiss"]
[EventDate "2009.05.30"]

1. e4 c5 2. Nc3 Nc6 3. Bc4 e6 4. d3 Nf6 5. f4 d5 6. Bb3 dxe4 7. dxe4 Qxd1+ 8.
Kxd1 Be7 9. Nf3 O-O 10. Ke1 b6 11. Kf2 Bb7 12. e5 Ng4+ 13. Kg3 Nh6 14. Rd1 Rad8
15. Bd2 Nf5+ 16. Kf2 Ncd4 17. Nxd4 Nxd4 18. Be3 Nxb3 19. axb3 Rxd1 20. Rxd1 Rd8
21. Ra1 a6 22. Na4 b5 23. Bxc5 bxa4 24. Bxe7 Rd2+ 25. Ke3 Rxc2 26. Rxa4 h6 27.
Ba3 Kh7 28. g4 Rxh2 29. Rb4 Bc8 30. Kf3 Rc2 31. Rc4 Bb7+ 32. Ke3 Rg2 33. Rb4
Bc8 34. Kf3 Rc2 35. Kg3 Rd2 36. Kf3 Rc2 37. Kg3 Rd2 38. Kf3 Rc2 1/2-1/2

[Event "DEM U10/U10w 2009"]
[Site "Willingen GER"]
[Date "2009.06.06"]
[Round "11"]
[White "Wiesner, Paula"]
[Black "Brandl, Lea Maria"]
[Result "1/2-1/2"]
[Termination "normal"]
[Board "5"]
[WhiteElo "1942"]
[BlackElo "1438"]
[PlyCount "45"]
[WhiteFideId "24654019"]
[BlackFideId "24693049"]
[EventCountry "GER"]
[EventRounds "11"]
[EventType "swiss"]
[EventDate "2009.05.30"]

1. d4 d5 2. c4 e6 3. Nc3 Nf6 4. cxd5 exd5 5. Bg5 c6 6. Qc2 g6 7. e3 Bf5 8. Bd3
Bxd3 9. Qxd3 Bg7 10. Nf3 O-O 11. O-O Nbd7 12. b4 a6 13. a4 h6 14. Bf4 b5 15. a5
Re8 16. Nd2 Qe7 17. Rab1 Ne4 18. Ncxe4 dxe4 19. Qc2 Rac8 20. Rfc1 Nf6 21. Qc5
Qxc5 22. dxc5 Nd5 23. Rb3 1/2-1/2

[Event "DEM U10/U10w 2009"]
[Site "Willingen GER"]
[Date "2009.06.06"]
[Round "11"]
[White "Reimers, Juri"]
[Black "Gungl, Theo"]
[Result "1-0"]
[Termination "normal"]
[Board "6"]
[WhiteElo "1503"]
[BlackElo "1681"]
[PlyCount "55"]
[WhiteFideId "24661511"]
[BlackFideId "24695653"]
[EventCountry "GER"]
[EventRounds "11"]
[EventType "swiss"]
[EventDate "2009.05.30"]

1. e4 c6 2. Nf3 d5 3. exd5 cxd5 4. Ne5 Nf6 5. Bb5+ Nbd7 6. d4 a6 7. Bd3 Nxe5 8.
dxe5 Nd7 9. e6 Nf6 10. exf7+ Kxf7 11. O-O e6 12. Bf4 Bc5 13. Nd2 Re8 14. Nf3
Kg8 15. c3 a5 16. Qd2 Qe7 17. Rfe1 Qf8 18. Bg3 Bd7 19. Qc2 Rac8 20. Qd2 b5 21.
Ne5 b4 22. c4 Rcd8 23. Qc2 Rc8 24. Nxd7 Nxd7 25. Bxh7+ Kh8 26. Bg6 Red8 27. Qe2
dxc4 28. Qh5+ 1-0

[Event "DEM U10/U10w 2009"]
[Site "Willingen GER"]
[Date "2009.06.06"]
[Round "11"]
[White "Mager, Denis"]
[Black "Schmekel, Florian"]
[Result "1/2-1/2"]
[Termination "normal"]
[Board "7"]
[WhiteElo "1497"]
[BlackElo "1410"]
[PlyCount "133"]
[WhiteFideId "24691127"]
[BlackFideId "12913456"]
[EventCountry "GER"]
[EventRounds "11"]
[EventType "swiss"]
[EventDate "2009.05.30"]

1. Nf3 Nf6 2. d4 e6 3. c4 b6 4. Nc3 Bb4 5. Bd2 Bxc3 6. Bxc3 Bb7 7. e3 O-O 8.
Bd3 c5 9. O-O d5 10. dxc5 bxc5 11. cxd5 exd5 12. Qc2 c4 13. Bf5 Nbd7 14. Ne5
Nxe5 15. Bxe5 h6 16. Qc3 Kh8 17. Rad1 Qe7 18. Bd4 Qd6 19. h3 Qc6 20. Rc1 Rg8
21. Bb1 Rae8 22. Qc2 g6 23. Qc3 Re6 24. f3 Kh7 25. Bxa7 Nh5 26. Qd2 Ng3 27.
Rfe1 Ba6 28. Kf2 Qc7 29. Qxd5 Rd8 30. Qc5 Rd2+ 31. Kg1 Qxc5 32. Bxc5 Ne2+ 33.
Rxe2 Rxe2 34. Bc2 Rc6 35. Bd4 Rc7 36. e4 Rd7 37. Bc3 Ra7 38. Kf1 Re3 39. Kf2
Rxc3 40. bxc3 Bb5 41. Ra1 Ra3 42. Ke2 Rxc3 43. Kd2 Ra3 44. h4 Kg7 45. Bd1 c3+
46. Kc1 Bc4 47. Kb1 Kf6 48. g3 Ke5 49. Bb3 Bxb3 50. axb3 Rxb3+ 51. Kc2 Rb2+ 52.
Kxc3 Rg2 53. Ra5+ Kf6 54. g4 Rg3 55. e5+ Kg7 56. Kd4 Rxf3 57. Ke4 Rf1 58. Ra7
Kf8 59. Ra8+ Ke7 60. Rh8 g5 61. h5 Rf4+ 62. Kd5 Rxg4 63. Rxh6 Rh4 64. Rh8 g4
65. h6 g3 66. Rg8 Rxh6 67. Rxg3 1/2-1/2

[Event "DEM U10/U10w 2009"]
[Site "Willingen GER"]
[Date "2009.06.06"]
[Round "11"]
[White "Petrashov, Alexander"]
[Black "Fabiunke, Jakob"]
[Result "0-1"]
[Termination "normal"]
[Board "8"]
[WhiteElo "1613"]
[BlackElo "1289"]
[PlyCount "50"]
[WhiteFideId "24662461"]
[BlackFideId "24686085"]
[EventCountry "GER"]
[EventRounds "11"]
[EventType "swiss"]
[EventDate "2009.05.30"]

1. e4 e5 2. Nf3 Nc6 3. d4 exd4 4. Bc4 Nf6 5. O-O Be7 6. Nxd4 Nxe4 7. Nxc6 bxc6
8. Re1 Nf6 9. Qe2 d5 10. Bb3 h6 11. Bf4 Be6 12. Qf3 O-O 13. Nd2 Bd6 14. Be5
Bxe5 15. Rxe5 Re8 16. Rae1 Qd7 17. c4 dxc4 18. Nxc4 Bxc4 19. Bxc4 Rxe5 20. Rxe5
Qd4 21. Qe2 Rb8 22. Bd3 Kf8 23. Ra5 Rxb2 24. Qe3 Rb1+ 25. Bxb1 Qd1+ 0-1

[Event "DEM U10/U10w 2009"]
[Site "Willingen GER"]
[Date "2009.06.06"]
[Round "11"]
[White "Gschnitzer, Adrian"]
[Black "Bauer, Björn-Benny"]
[Result "0-1"]
[Termination "normal"]
[Board "9"]
[WhiteElo "1253"]
[BlackElo "1603"]
[PlyCount "58"]
[WhiteFideId "1270337"]
[BlackFideId "24698741"]
[EventCountry "GER"]
[EventRounds "11"]
[EventType "swiss"]
[EventDate "2009.05.30"]

1. e4 c5 2. b3 Nf6 3. e5 Nd5 4. c4 Nb6 5. Nf3 e6 6. Nc3 d5 7. d4 Nc6 8. Be3
cxd4 9. Bxd4 Bb4 10. Be2 dxc4 11. a3 Nxd4 12. axb4 Nxf3+ 13. Bxf3 O-O 14. bxc4
Nxc4 15. Qe2 Qd4 16. O-O Nxe5 17. Nb5 Nxf3+ 18. Qxf3 Qb6 19. Qd3 Rd8 20. Qe2
Bd7 21. Nc3 Qxb4 22. Rfc1 Rac8 23. Ne4 Rxc1+ 24. Rxc1 Bc6 25. Nc5 Rd2 26. Rd1
Rxd1+ 27. Qxd1 Qxc5 28. Kh1 Qg5 29. f3 h5 0-1

[Event "DEM U10/U10w 2009"]
[Site "Willingen GER"]
[Date "2009.06.06"]
[Round "11"]
[White "Riehle, Marco"]
[Black "Kasel, Mario"]
[Result "1-0"]
[Termination "normal"]
[Board "10"]
[WhiteElo "1442"]
[BlackElo "1234"]
[PlyCount "37"]
[WhiteFideId "12904392"]
[BlackFideId "24660957"]
[EventCountry "GER"]
[EventRounds "11"]
[EventType "swiss"]
[EventDate "2009.05.30"]

1. e4 e5 2. Nf3 Nc6 3. d4 exd4 4. Bc4 Bc5 5. c3 Qe7 6. O-O dxc3 7. Nxc3 d6 8.
Nd5 Qd8 9. Bg5 Nge7 10. Bb5 Bd7 11. Bxc6 bxc6 12. Nxe7 f6 13. Bxf6 gxf6 14. Nf5
Qb8 15. Qd2 Qb4 16. Qh6 Qxb2 17. Qg7 O-O-O 18. Rab1 Qxa2 19. Ne7# 1-0

[Event "DEM U10/U10w 2009"]
[Site "Willingen GER"]
[Date "2009.06.06"]
[Round "11"]
[White "Rempe, Moritz"]
[Black "Scheinhütte, Jakob"]
[Result "1/2-1/2"]
[Termination "normal"]
[Board "11"]
[WhiteElo "1362"]
[BlackElo "1174"]
[PlyCount "138"]
[WhiteFideId "12906867"]
[BlackFideId "24693944"]
[EventCountry "GER"]
[EventRounds "11"]
[EventType "swiss"]
[EventDate "2009.05.30"]

1. e4 e6 2. d4 d5 3. e5 c5 4. c3 Nc6 5. Nf3 Qb6 6. a3 a5 7. Be2 Bd7 8. O-O Nh6
9. dxc5 Qc7 10. b4 axb4 11. cxb4 Nxb4 12. axb4 Rxa1 13. Ba3 Ra2 14. Re1 b6 15.
Qb3 Rxa3 16. Qxa3 bxc5 17. bxc5 Bxc5 18. Qa8+ Qd8 19. Qxd8+ Kxd8 20. Rc1 Bb6
21. Nbd2 Ke7 22. Rb1 Rb8 23. h3 Nf5 24. g4 Nh6 25. Ng5 Bc7 26. Rxb8 Bxb8 27.
Ndf3 Ba4 28. Nxh7 Ba7 29. Nh4 Bc2 30. Ng5 d4 31. Bb5 Bb6 32. Kf1 d3 33. Ne4 Ba5
34. Nf3 f5 35. exf6+ gxf6 36. Ned2 Nf7 37. Ke1 e5 38. h4 e4 39. Nd4 Kd6 40.
Nf5+ Ke5 41. Ne3 Kd4 42. Nf5+ Kc5 43. Ba6 Bc3 44. h5 Kb4 45. h6 Ka3 46. h7 Kb2
47. Ng3 Kc1 48. Ngxe4 Ba5 49. Bc4 Nh8 50. f4 Bb4 51. Be6 Ba5 52. g5 fxg5 53.
fxg5 Ba4 54. Bc4 Kc2 55. Bf7 Bc6 56. g6 Bxe4 57. g7 Bxd2+ 58. Kf2 Be1+ 59. Kxe1
d2+ 60. Kf2 d1=Q 61. g8=Q Qf3+ 62. Kg1 Nxf7 63. h8=Q Nxh8 64. Qa2+ Kd3 65. Qb3+
Ke2 66. Qb2+ Ke3 67. Qc3+ Bd3 68. Qc1+ Kd4 69. Qb2+ Ke3 1/2-1/2

[Event "DEM U10/U10w 2009"]
[Site "Willingen GER"]
[Date "2009.06.06"]
[Round "11"]
[White "Sieber, Fiona"]
[Black "Bachem, Oliver"]
[Result "1/2-1/2"]
[Termination "normal"]
[Board "12"]
[WhiteElo "1082"]
[BlackElo "1349"]
[PlyCount "142"]
[WhiteFideId "12902373"]
[BlackFideId "12940186"]
[EventCountry "GER"]
[EventRounds "11"]
[EventType "swiss"]
[EventDate "2009.05.30"]

1. e4 d5 2. exd5 Nf6 3. d4 Nxd5 4. Nf3 Bg4 5. c4 Nf6 6. Qb3 Bxf3 7. Qxf3 Qxd4
8. Qxb7 Qe4+ 9. Qxe4 Nxe4 10. Bd3 Nc5 11. Be2 Nbd7 12. b4 Na6 13. a3 e6 14. Bf3
Rb8 15. Be3 c5 16. b5 Nc7 17. Nc3 Be7 18. O-O Bf6 19. Rac1 Ne5 20. Bxc5 a6 21.
b6 Nxf3+ 22. gxf3 Na8 23. Na4 Be7 24. Bxe7 Kxe7 25. c5 Rhd8 26. Rb1 Rd4 27. Nb2
Nxb6 28. cxb6 Rxb6 29. Rfc1 Rb3 30. a4 Rxf3 31. Nc4 Rff4 32. Rb4 a5 33. Rb7+
Kf6 34. Nxa5 Rxa4 35. Nc6 Rg4+ 36. Kf1 Rh4 37. Kg1 Rag4+ 38. Kh1 Rf4 39. Kg1
Rhg4+ 40. Kf1 Rc4 41. Rxc4 Rxc4 42. Nd8 Rc1+ 43. Kg2 Kg6 44. Rxf7 Rc8 45. Rd7
Kf6 46. Nf7 Rf8 47. Nd6 h6 48. Ne4+ Kf5 49. f3 Kg6 50. Re7 Rg8 51. Rxe6+ Kf5
52. Re7 h5 53. Nd6+ Kf6 54. Re8 Rxe8 55. Nxe8+ Kf7 56. Nd6+ Ke6 57. Ne4 Kf5 58.
Kg3 g5 59. Nf2 h4+ 60. Kh3 Kf4 61. Kg2 Ke3 62. Ng4+ Kf4 63. Kf2 Kf5 64. Ke3 Kg6
65. Ke4 Kh5 66. Kf5 h3 67. Nf2 Kh4 68. Ne4 g4 69. Nf2 g3 70. hxg3+ Kxg3 71.
Nxh3 Kxf3 1/2-1/2

[Event "DEM U10/U10w 2009"]
[Site "Willingen GER"]
[Date "2009.06.06"]
[Round "11"]
[White "Litzka, Richard"]
[Black "Perske, Thore"]
[Result "1/2-1/2"]
[Termination "normal"]
[Board "13"]
[WhiteElo "1330"]
[BlackElo "1120"]
[PlyCount "101"]
[BlackFideId "12902195"]
[EventCountry "GER"]
[EventRounds "11"]
[EventType "swiss"]
[EventDate "2009.05.30"]

1. d4 e6 2. e4 d5 3. exd5 exd5 4. Bd3 Bd6 5. Nf3 c6 6. O-O Be6 7. Bg5 Qc7 8. c3
Ne7 9. Qc2 h6 10. Bh4 Qd7 11. Nbd2 Nf5 12. Bg3 Nxg3 13. fxg3 O-O 14. Rae1 Qc7
15. Bf5 Bd7 16. Bxd7 Nxd7 17. Qf5 Rae8 18. Rxe8 Rxe8 19. Ng5 Nf6 20. Ngf3 Qb6
21. Nb3 Qc7 22. g4 Qd7 23. Qxd7 Nxd7 24. Na5 b6 25. Nxc6 a5 26. Kf2 Nf6 27.
Nfe5 Bxe5 28. Nxe5 Ne4+ 29. Kg1 f6 30. Nd3 Nd6 31. Nf4 b5 32. Nxd5 Re2 33. Rf2
Re1+ 34. Rf1 Re2 35. a4 Rxb2 36. axb5 Rxb5 37. Nc7 Rb3 38. Rc1 Ne4 39. c4 Nc3
40. Re1 Rb4 41. Nb5 Nxb5 42. cxb5 Rxb5 43. Ra1 Rd5 44. Ra4 Kf7 45. Kf2 Ke6 46.
Ke3 g6 47. g3 f5 48. gxf5+ Kxf5 49. h3 h5 50. Kf3 Ke6 51. Ke4 1/2-1/2

[Event "DEM U10/U10w 2009"]
[Site "Willingen GER"]
[Date "2009.06.06"]
[Round "11"]
[White "Stukenborg, Rudi"]
[Black "Kaplun, David"]
[Result "0-1"]
[Termination "normal"]
[Board "14"]
[WhiteElo "1035"]
[BlackElo "1312"]
[PlyCount "88"]
[WhiteFideId "1270497"]
[BlackFideId "12901954"]
[EventCountry "GER"]
[EventRounds "11"]
[EventType "swiss"]
[EventDate "2009.05.30"]

1. e4 c5 2. Nf3 e6 3. d4 cxd4 4. Nxd4 a6 5. Nc3 Qc7 6. g3 b5 7. Bg2 Bb7 8. O-O
Nf6 9. Re1 d6 10. Be3 Be7 11. a3 Nbd7 12. Bg5 h6 13. Bxf6 Bxf6 14. Nde2 Rc8 15.
Kh1 Ne5 16. f4 Ng4 17. Qd2 Qc5 18. Rf1 O-O 19. Nc1 Bxc3 20. Qxc3 Qxc3 21. bxc3
Rxc3 22. Ra2 Ne3 23. Ne2 Rxc2 24. Rxc2 Nxc2 25. Rf3 Ne1 26. Re3 Nxg2 27. Kxg2
Rc8 28. Kf3 f5 29. Nc3 Kf7 30. g4 fxe4+ 31. Nxe4 Ke7 32. Kg3 Bxe4 33. Rxe4 Rc3+
34. Kh4 Rxa3 35. g5 Ra4 36. Rxa4 bxa4 37. gxh6 gxh6 38. Kh5 a3 39. Kxh6 a2 40.
Kg6 a1=Q 41. h4 Qf6+ 42. Kh5 Qg7 43. f5 Kf6 44. fxe6 Qg6# 0-1

[Event "DEM U10/U10w 2009"]
[Site "Willingen GER"]
[Date "2009.06.06"]
[Round "11"]
[White "Baberz, Alexander"]
[Black "Krüger, David"]
[Result "0-1"]
[Termination "normal"]
[Board "15"]
[WhiteElo "1268"]
[BlackElo "1094"]
[PlyCount "68"]
[WhiteFideId "12921734"]
[BlackFideId "12921858"]
[EventCountry "GER"]
[EventRounds "11"]
[EventType "swiss"]
[EventDate "2009.05.30"]

1. d4 d5 2. c4 Nc6 3. Nc3 Nf6 4. Bg5 e6 5. cxd5 exd5 6. e3 Be7 7. Bb5 O-O 8.
Nf3 Bg4 9. Be2 Qd7 10. Ne5 Nxe5 11. dxe5 Bxe2 12. Qxe2 Ne4 13. Bxe7 Nxc3 14.
bxc3 Qxe7 15. f4 Qc5 16. Qd3 c6 17. Rf1 f6 18. Qd4 Qb5 19. Rf2 fxe5 20. Qxe5
Rae8 21. Qd4 Qa5 22. Kd2 Re4 23. Qd3 Rfe8 24. Rf3 Qa3 25. Qc2 Qc5 26. Re1 Qc4
27. Rb1 b5 28. Re1 Qa4 29. Qb2 Qa5 30. Rb1 d4 31. Re1 dxc3+ 32. Qxc3 Qxa2+ 33.
Qc2 Rd8+ 34. Kc1 Qa1+ 0-1

[Event "DEM U10/U10w 2009"]
[Site "Willingen GER"]
[Date "2009.06.06"]
[Round "11"]
[White "Pallas, Sebastian"]
[Black "Greßmann, Moritz"]
[Result "1/2-1/2"]
[Termination "normal"]
[Board "16"]
[WhiteElo "1334"]
[BlackElo "1500"]
[PlyCount "51"]
[WhiteFideId "12905453"]
[BlackFideId "24695084"]
[EventCountry "GER"]
[EventRounds "11"]
[EventType "swiss"]
[EventDate "2009.05.30"]

1. d4 Nf6 2. c4 g6 3. Nc3 Bg7 4. e4 d6 5. Nf3 O-O 6. Be2 e5 7. O-O a5 8. d5 Na6
9. Be3 Ng4 10. Nd2 Nxe3 11. fxe3 h5 12. Nb3 Nc5 13. Nxc5 dxc5 14. Rf3 Bd7 15.
Qd3 c6 16. Raf1 Bg4 17. R3f2 Bxe2 18. Nxe2 f6 19. Nc3 Rf7 20. Rf3 Rd7 21. b3
Rb8 22. R1f2 Qe7 23. Rg3 Kh7 24. Rh3 Kg8 25. Rg3 Kh7 26. Rh3 1/2-1/2